000 00495cam a2200169 4500500
005 20251012032531.0
041 _afre
042 _adc
100 1 0 _aMotoret, Laurence
_eauthor
700 1 0 _a Lévi, Florence
_eauthor
700 1 0 _a Léger, Claude
_eauthor
245 0 0 _aPublications
260 _c2004.
500 _a77
786 0 _nSigila | 14 | 2 | 2004-12-20 | p. 195-204 | 1286-1715
856 4 1 _uhttps://shs.cairn.info/revue-sigila-2004-2-page-195?lang=fr&redirect-ssocas=7080
999 _c1547605
_d1547605